| 000 | 00370nam a2200109Ia 4500 | ||
|---|---|---|---|
| 008 | 171211s9999 xx 000 0 und d | ||
| 245 | _aProtecting Your Identity - A practical guide to preventing identity theft and its damaging consequences | ||
| 245 | _cMatthew Record | ||
| 260 | _c2008 | ||
| 650 | _xBUSINESS | ||
| 856 | _uhttp://down.ebook777.com/062/9781845282530.pdf | ||
| 999 |
_c349488 _d349488 |
||